000 01015 am a2200289 a 4500
005 20241202125354.0
008 100930s1987||||sp a f |||| 001 0 spa d
020 _a8476053606
041 _aspa
092 _c616.0757
_l77
_sSAN
100 1 _aPedrosa, César.
_9741
_qSánchez Alvarez-Pedrosa, César
245 _aDiagnóstico por imagen.
_bCompendio de radiología clínica /
_cCésar Pedrosa
250 _a1a ed. reimpr.
260 _aMadrid:
_bInteramericana ; McGraw Hill;
_c1987.
300 _a805 p.
_bil.
500 _aPedrosa, C. y Casanova Gómez, R. (1987). Diagnóstico por imagen. Compendio de radiología clínica. (1a ed.). Madrid : Interamericana ; McGraw Hill.
653 _aRadiología convencional
653 _aMedicina Nuclear
653 _aAngiografía
653 _aUltrasonografía
653 _aTomografía computarizada
653 _aResonancia magnética
700 1 _aCasanova, Rafael.
_9742
_qCasanova Gómez, Rafael
930 _a864
930 _a2274
942 _2ddc
_cBK
999 _c780
_d780